Pokémon that Start with J - Statistics

General Stats
  • This quiz has been taken 4,368 times
    4,217 since last reset
  • The average score is 6 of 8
Answer Stats
Gen Answer % Correct
I Jigglypuff
82%
I Jolteon
80%
I Jynx
77%
III Jirachi
67%
V Joltik
67%
II Jumpluff
67%
V Jellicent
59%
VII Jangmo-o
57%
No matching quizzes found
Score Distribution
Percent of People with Each Score
Percentile by Number Answered
Your Score History
You have not taken this quiz since the last reset